XML in easy steps / (Record no. 71723)

MARC details
000 -LEADER
fixed length control field 00974nam a22002657a 4500
005 - DATE AND TIME OF LATEST TRANSACTION
control field 20121129150133.0
008 - FIXED-LENGTH DATA ELEMENTS--GENERAL INFORMATION
fixed length control field 121129t xxu||||| |||| 00| 0 eng d
010 ## - LCCN (DPL NO)
LC control number ENG-106250
020 ## - INTERNATIONAL STANDARD BOOK NUMBER
International Standard Book Number 9781259029295
Terms of availability 195.00
020 ## - INTERNATIONAL STANDARD BOOK NUMBER
International Standard Book Number 1259029298
Terms of availability 195.00
035 ## - SYSTEM CONTROL NUMBER
System control number EN-89783
037 ## - SOURCE OF ACQUISITION
Source of stock number/acquisition DBAD/PUB
040 ## - CATALOGING SOURCE
Original cataloging agency DPL
Language of cataloging Eng
082 ## - DEWEY DECIMAL CLASSIFICATION NUMBER
Classification number 005.72
100 1# - MAIN ENTRY--PERSONAL NAME
Personal name McGrath, Mike
9 (RLIN) 53921
245 14 - TITLE STATEMENT
Title XML in easy steps /
Statement of responsibility, etc by Mike McGrath
250 ## - EDITION STATEMENT
Edition statement 2nd ed
260 ## - PUBLICATION, DISTRIBUTION, ETC. (IMPRINT)
Place of publication, distribution, etc New Delhi
Name of publisher, distributor, etc Tata McGraw-Hill
Date of publication, distribution, etc 2012
270 ## - ADDRESS
Address 7 West Patel Nagar
City New Delhi
Postal code 110008
300 ## - PHYSICAL DESCRIPTION
Extent 192p. :
Other physical details ill.
Dimensions 24cm(pbk)
500 ## - GENERAL NOTE
General note Includes index
942 ## - ADDED ENTRY ELEMENTS (KOHA)
Source of classification or shelving scheme Dewey Decimal Classification
Item type English Books
Classification part 005.72
Call number suffix MCG
Holdings
Withdrawn status Lost status Source of classification or shelving scheme Damaged status Not for loan Collection code Home library Current library Date acquired Source of acquisition Cost, normal purchase price Total Checkouts Full call number Barcode Date last seen Copy number Cost, replacement price Koha item type
    Dewey Decimal Classification   Not For Loan Non-fiction D.B.Act.Division D.B.Act.Division 29/11/2012 DBAD/PUB 195.00   005.72 MCG EN-89783 29/11/2012 1 195.00 English Books

© Delhi Public Library
Hit Counter
free hit counter